| 000 | 01339nam a22003617a 4500 | ||
|---|---|---|---|
| 003 | CHAP | ||
| 005 | 20220329141816.0 | ||
| 008 | 971013s1985 r 00010 d | ||
| 010 | _a74161 | ||
| 011 | _a75133 | ||
| 035 | _a84693 | ||
| 040 | _cCHAP | ||
| 090 | _aTesis | ||
| 100 | 0 | 0 |
_aGarza Sáenz, Javier. _947142 |
| 245 | _aEfecto de la fertilización nitrogenada y fosfórica en el rendimiento y calidad forrajera de una variedad de avena (Avena sativa L.) tras un primer corte por pastoreo | ||
| 260 |
_a(Monterrey, N.L.) : _bEl autor, _c1985 |
||
| 300 | _a39 h. | ||
| 502 | _aTesis (Ing. Agrónomo Zootecnista) -- ITESM. División de Ciencias Agropecuarias y Marítimas | ||
| 590 |
_aALEPH _b10 _c20130110 _lUCH01 _h1418 |
||
| 590 |
_aBATCH-UPD _b10 _c20130110 _lUCH01 _h0011 |
||
| 590 |
_aBATCH-UPD _b10 _c20130110 _lUCH01 _h0700 |
||
| 590 |
_aBATCH-UPD _b10 _c20130409 _lUCH01 _h1949 |
||
| 590 |
_aBATCH-UPD _b10 _c20130410 _lUCH01 _h0345 |
||
| 590 |
_aBATCH-UPD _b10 _c20130914 _lUCH01 _h0434 |
||
| 590 |
_aCONVERSION _b10 _c20130109 _lUCH01 _h1341 |
||
| 650 | 1 | 4 |
_aAvena _xRendimiento. _98539 |
| 650 | 1 | 4 |
_aFertilizantes _xEfecto en avena. _940480 |
| 650 | 1 | 4 |
_aFósforo _xEfecto en avena. _942216 |
| 650 | 1 | 4 |
_aNitrógeno _xEfecto en avena. _981410 |
| 901 | _aBK | ||
| 942 | _cTESIS | ||
| 949 |
_bBC _cTES _d-40135 _eTS1 _h17770 _i84693 _si |
||
| 999 |
_c74161 _d74161 |
||